MARC details
| 000 -CABECERA |
| campo de control de longitud fija |
01951nam a220033701 4500 |
| 001 - NÚMERO DE CONTROL |
| campo de control |
ocm24736225 |
| 003 - IDENTIFICADOR DEL NÚMERO DE CONTROL |
| campo de control |
OCoLC |
| 008 - DATOS DE LONGITUD FIJA--INFORMACIÓN GENERAL |
| campo de control de longitud fija |
931020s1991 enka b 000 eng r |
| 020 ## - NÚMERO INTERNACIONAL ESTÁNDAR DEL LIBRO |
| Número Internacional Estándar del Libro |
9781851770328 |
| 035 ## - NÚMERO DE CONTROL DEL SISTEMA |
| Número de control de sistema |
(OCoLC)24736225 |
| Número de control cancelado/no válido |
(OCoLC)1008359276 |
| 040 ## - FUENTE DE LA CATALOGACIÓN |
| Centro catalogador/agencia de origen |
UOH |
| Lengua de catalogación |
eng |
| Centro/agencia transcriptor |
tbs |
| 041 ## - CÓDIGO DE LENGUA |
| Código de lengua del texto/banda sonora o título independiente |
eng |
| 050 ## - SIGNATURA TOPOGRÁFICA DE LA BIBLIOTECA DEL CONGRESO |
| Número de clasificación |
TT507 |
| Número de documento/Ítem |
.W55 1998 |
| 100 ## - ENTRADA PRINCIPAL--NOMBRE DE PERSONA |
| Nombre de persona |
Wilcox, Claire |
| 9 (RLIN) |
26288 |
| Término indicativo de función/relación |
author |
| 245 10 - MENCIÓN DE TÍTULO |
| Título |
Modern fashion in detail |
| Mención de responsabilidad, etc. |
/ Claire Wilcox, Valerie Mendes ; photography by Richard Davis ; line drawings by Leonie Davis. |
| 260 ## - PUBLICACIÓN, DISTRIBUCIÓN, ETC. |
| Lugar de publicación, distribución, etc. |
London : |
| Nombre del editor, distribuidor, etc. |
Victoria & Albert Museum, |
| Fecha de publicación, distribución, etc. |
1991. |
| 300 ## - DESCRIPCIÓN FÍSICA |
| Extensión |
143 pages : |
| Otras características físicas |
illustrations (color) ; |
| Dimensiones |
31 cm. |
| 504 ## - NOTA DE BIBLIOGRAFÍA, ETC. |
| Nota de bibliografía, etc. |
Includes bibliographical references (p. 142-143) |
| 520 ## - SUMARIO, ETC. |
| Sumario, etc. |
This colorful and lively book takes a close up look at the intricacies of 20th century fashion. Full color illustrations focus on a Schiaparelli appliqué, a Chanel button-hole, a Utility pocket or the braiding on a romantic Pre-Raphaelite sleeve by Bill Gibb. <br/><br/>Short commentaries put the detail in historical context and examine the couturiers choice of fabric and methods of construction while a specially commissioned black and white line drawing of each garment appears alongside every full color detail. <br/><br/>This beautiful book will be indispensable to those interested in the history of 20th century design. |
| 590 ## - NOTA LOCAL (RLIN) |
| Nota local |
Local series: Guilford library of historic costume, University of Saskatchewan. |
| 610 #0 - PUNTO DE ACCESO ADICIONAL DE MATERIA--NOMBRE DE ENTIDAD CORPORATIVA |
| Nombre de entidad corporativa o nombre de jurisdicción como elemento de entrada |
Victoria and Albert Museum |
| Subdivisión de forma |
Catalogs |
| 9 (RLIN) |
26289 |
| 650 #0 - PUNTO DE ACCESO ADICIONAL DE MATERIA--TÉRMINO DE MATERIA |
| Término de materia o nombre geográfico como elemento de entrada |
Costume |
| Subdivisión geográfica |
Great Britain |
| Subdivisión general |
History |
| Subdivisión cronológica |
20th century |
| 9 (RLIN) |
26290 |
| 650 #0 - PUNTO DE ACCESO ADICIONAL DE MATERIA--TÉRMINO DE MATERIA |
| Término de materia o nombre geográfico como elemento de entrada |
Fashion |
| Subdivisión general |
History |
| Subdivisión cronológica |
20th century |
| 9 (RLIN) |
9240 |
| 650 #0 - PUNTO DE ACCESO ADICIONAL DE MATERIA--TÉRMINO DE MATERIA |
| Término de materia o nombre geográfico como elemento de entrada |
Costume |
| Subdivisión general |
History |
| Subdivisión cronológica |
20th century |
| 9 (RLIN) |
26292 |
| 650 #0 - PUNTO DE ACCESO ADICIONAL DE MATERIA--TÉRMINO DE MATERIA |
| Término de materia o nombre geográfico como elemento de entrada |
Decoration and ornament |
| Subdivisión geográfica |
Great Britain |
| Subdivisión general |
History |
| Subdivisión cronológica |
20th century |
| 9 (RLIN) |
26293 |
| 700 ## - ENTRADA AGREGADA--NOMBRE PERSONAL |
| Nombre de persona |
Mendes, Valerie D. |
| 9 (RLIN) |
26294 |
| Término indicativo de función/relación |
author |
| 700 ## - ENTRADA AGREGADA--NOMBRE PERSONAL |
| Nombre de persona |
Davis, Richard |
| Fechas asociadas al nombre |
1960- |
| 9 (RLIN) |
26296 |
| Término indicativo de función/relación |
author |
| 700 ## - ENTRADA AGREGADA--NOMBRE PERSONAL |
| Nombre de persona |
Davis, Leonie |
| 9 (RLIN) |
26297 |
| Término indicativo de función/relación |
author |
| 710 ## - ENTRADA AGREGADA--NOMBRE DE ENTIDAD CORPORATIVA |
| Nombre de entidad corporativa o nombre de jurisdicción como elemento de entrada |
Victoria and Albert Museum |
| 9 (RLIN) |
26295 |
| 942 ## - ELEMENTOS DE ENTRADA AGREGADA (KOHA) |
| Fuente del sistema de clasificación o colocación |
Clasificación de Library of Congress |